000145445 001__ 145445
000145445 005__ 20260217205532.0
000145445 0247_ $$2doi$$a10.1103/PhysRevB.110.054443
000145445 0248_ $$2sideral$$a140313
000145445 037__ $$aART-2024-140313
000145445 041__ $$aeng
000145445 100__ $$aGe, Han
000145445 245__ $$aMagnetic structure and Ising-like antiferromagnetism in the bilayer triangular lattice compound NdZnPO
000145445 260__ $$c2024
000145445 5203_ $$aThe complex interplay of spin frustration and quantum fluctuations in low-dimensional quantum materials leads to a variety of intriguing phenomena. This research focuses on a detailed analysis of the magnetic behavior exhibited by NdZnPO, a bilayer spin-1/2 triangular lattice antiferromagnet. The investigation employs magnetization, specific heat, and powder neutron scattering measurements. At zero field, a long-range magnetic order is observed at TN = 1.64 K. Powder neutron diffraction experiments show the Ising-like magnetic moments along the c axis, revealing a stripelike magnetic structure with magnetic propagation vector (1/2, 0, 1/2). Application of a magnetic field along the c axis suppresses the antiferromagnetic order, leading to a fully polarized ferromagnetic state above Bc= 4.5 T. This transition is accompanied by notable enhancements in the nuclear Schottky contribution. Moreover, the absence of spin frustration and expected field-induced plateaulike phases are remarkable observations. Detailed calculations of magnetic dipolar interactions revealed complex couplings reminiscent of a honeycomb lattice, suggesting the potential emergence of Kitaev-like physics within this system. This comprehensive study of the magnetic properties of NdZnPO highlights unresolved intricacies, underscoring the imperative for further exploration to unveil the underlying governing mechanisms.
000145445 540__ $$9info:eu-repo/semantics/closedAccess$$aAll rights reserved$$uhttp://www.europeana.eu/rights/rr-f/
000145445 590__ $$a3.7$$b2024
000145445 592__ $$a1.303$$b2024
000145445 591__ $$aMATERIALS SCIENCE, MULTIDISCIPLINARY$$b208 / 461 = 0.451$$c2024$$dQ2$$eT2
000145445 591__ $$aPHYSICS, CONDENSED MATTER$$b30 / 80 = 0.375$$c2024$$dQ2$$eT2
000145445 591__ $$aPHYSICS, APPLIED$$b66 / 187 = 0.353$$c2024$$dQ2$$eT2
000145445 593__ $$aElectronic, Optical and Magnetic Materials$$c2024$$dQ1
000145445 593__ $$aCondensed Matter Physics$$c2024$$dQ1
000145445 594__ $$a6.2$$b2024
000145445 655_4 $$ainfo:eu-repo/semantics/article$$vinfo:eu-repo/semantics/publishedVersion
000145445 700__ $$aLi, Tiantian
000145445 700__ $$aNikitin, Stanislav E.
000145445 700__ $$aZhao, Nan
000145445 700__ $$aLi, Fangli
000145445 700__ $$aBu, Huanpeng
000145445 700__ $$aYuan, Jiayue
000145445 700__ $$aChen, Jian
000145445 700__ $$aFu, Ying
000145445 700__ $$aYang, Jiong
000145445 700__ $$aWang, Le
000145445 700__ $$aMiao, Ping
000145445 700__ $$aZhang, Qiang
000145445 700__ $$0(orcid)0000-0001-8224-329X$$aPuente-Orench, Inés
000145445 700__ $$aPodlesnyak, Andrey
000145445 700__ $$aSheng, Jieming
000145445 700__ $$aWu, Liusuo
000145445 773__ $$g110, 5 (2024), 054443 [11 pp.]$$pPhys. Rev. B$$tPhysical Review B$$x2469-9950
000145445 8564_ $$s2265102$$uhttps://zaguan.unizar.es/record/145445/files/texto_completo.pdf$$yVersión publicada
000145445 8564_ $$s2844533$$uhttps://zaguan.unizar.es/record/145445/files/texto_completo.jpg?subformat=icon$$xicon$$yVersión publicada
000145445 909CO $$ooai:zaguan.unizar.es:145445$$particulos$$pdriver
000145445 951__ $$a2026-02-17-20:32:46
000145445 980__ $$aARTICLE